000 00651nam a2200217Ia 4500
008 101110s9999 xx 000 0 und d
041 _aENGLISH
082 _bSR30995
100 _aAnnapoorana R., Gabhe A., Nadgauda T., Patki A.S. and others
245 _aMathematics and statistics FYBCom New Syllabus
260 _c2008
_bChetana publications pvt.Ltd;Mumbai
300 _a399
365 _b175
520 _aStats/Maths
546 _aENGLISH
630 _aMathematics and statistics FYBCom New Syllabus
650 _aStats/Maths
655 _aStats/Maths
730 _aMathematics and statistics FYBCom New Syllabus
942 _cBOOK
999 _c823498
_d823495